000 01012nam a22002057a 4500
003 OSt
005 20170608093048.0
008 150408b2005 slv spa
040 _cBMC
082 _a670.42
100 1 _936013
_aVelásquez Castaneda, Marvin Gregory
245 1 0 _aOrganización administrativa de la Fundación Escuela Hogar Nuestros Pequeños Hermanos del Departamento de Santa Ana, a través de un manual de procesos y funciones en sus principales actividades
_b: Proyecto
_cMarvin Gregory Velásquez Castaneda
260 _aSanta Ana (El Salvador)
_bUniversidad Católica de Occidente
_c2005
300 _a1 folleto (36 h.)
_bil. col.
_c27 cm
_e+ 1 disco compacto
500 _aPrecede al tít.: Universidad Católica de Occidente, Facultad de Ingeniería y Arquitectura
502 _aPara optar al título de Ingeniero Industrial
650 2 4 _919919
_aIngeniería industrial
710 2 _91166
_aUniversidad Católica de El Salvador
_bFacultad de Ingeniería y Arquitectura
942 _2ddc
_cTG
999 _c22261
_d22261